| 000 | 00362nam a2200121Ia 4500 | ||
|---|---|---|---|
| 008 | 210428s9999 xx 000 0 und d | ||
| 082 | _a620.118 C55911 C | ||
| 100 | _aDeborah D.L,Chung | ||
| 245 | 0 | _aComposite Materials Science and Applications Functional Materials for Modern Technologies | |
| 260 |
_bSpringer _aLondon _c2003 |
||
| 300 | _a289p | ||
| 942 | _cBK | ||
| 999 |
_c559920 _d559920 |
||